000 00956nas a2200325 4500
001 BR0807631
003 BR-BrBNA
005 20231205112751.0
007 ta
008 230509b bl.|||p| |||| 00| 00por d
040 _aBR-BrBNA
_bpor
_cBiblioteca Nacional de Agricultura
041 _a(Pt)
072 _aF04; F02
100 1 _aMendonça, V.
100 1 _aAbreu, N.A.A. de
100 1 _aSouza, H.A. de
100 1 _aTeixeira, G.A.
100 1 _aHafle, O.M.
100 1 _aRamos, J.D.
245 1 _aDiferentes ambientes e osmocote na produção de mudas de tamarindeiro (Tamarindus indica)
650 _aTAMARINDO
650 _aPROPAGAÇÃO VEGETATIVA
650 _aADUBAÇÃO
650 _aMUDA
650 _aNUTRIENTE
650 _aMATÉRIA SECA
773 0 _tCiência e Agrotecnologia (Brazil)
_xISSN 1413-7054
_g(Mar-Apr 2008), v. 32(2) p. 391-397
_wBR0807631
909 _a202311
_bLúcia
_c55
_dLúcia Elande
942 _2AGRIS
_n0
_cANA
999 _c199858
_d199858